000 00274nam a2200109Ia 4500
008 190216s9999||||xx |||||||||||||| ||und||
100 _aGerda Groohling
245 0 _aSangethika Padangal Textiles Vyavasayam
260 _bBhasha Institute
650 _aMalayalam
942 _cBK
999 _c38059
_d38059